000 00516nam a2200217Ia 4500
008 210210b2014 xxu||||| |||| 00| 0 eng d
020 _a9788130913148
041 _aeng
082 _a530.12 TOWM
100 _aTOWNSEND (John S)
245 _aModern approach to quantum mechanics
260 _aNew Delhi
_bViva books
_c2014
300 _axiv,476
650 _ato
650 _aquantum
650 _aModern
650 _amechanics
650 _aapproach
690 _aQuantum Mechanics
906 _a071863
999 _c121552
_d121552